Simulation-based optimization : parametric optimization techniques and reinforcement learning

Αποθηκεύτηκε σε:
Λεπτομέρειες βιβλιογραφικής εγγραφής
Κύριος συγγραφέας: Gosavi, Abhijit
Μορφή: Βιβλίο
Γλώσσα:English
Δημοσίευση: Boston : Kluwer Academic, c2003
Σειρά:Operations research/computer science interfaces series
Θέματα:
Ετικέτες: Προσθήκη ετικέτας
Δεν υπάρχουν, Καταχωρήστε ετικέτα πρώτοι!

MARC

LEADER 00000cam a2200000 i 4500
001 1/38449
008 030722s2003 eng d
020 |a 1-4020-7454-9 
035 |l 10070443 
040 |a GR-MY-UA  |b gre  |e aacr 
041 0 |a eng 
082 0 |a 519.2  |2 (21) 
100 1 |a Gosavi, Abhijit. 
245 1 0 |a Simulation-based optimization :  |b parametric optimization techniques and reinforcement learning /  |c Abhijit Gosavi 
260 |a Boston :   |b Kluwer Academic,   |c c2003 
300 |a xvi, 554 σ.;  |b εικ.;  |c 24 εκ. 
490 1 |a Operations research/computer science interfaces series 
504 |a Περιέχει βιβλιογραφικές παραπομπές (σ. [539]-550) και ευρετήριο 
650 0 0 |a Probabilities. 
650 0 0 |a Mathematical optimization. 
830 0 |a Operations research/computer science interfaces series 
852 |a INST  |b SAMOS  |e 20080116  |h 519.2 GOS  |p 005300027259  |q 005300027259  |t BK  |y 0 
852 |a INST  |b SYROS  |e 20030722  |h 519.2 GOS  |p 005500003277  |q 005500003277  |t BK  |y 0 
901 |a BIBL3-2008-1 
901 |a BIBL5-2003-2 
909 |a Σ  |b 143511 
909 |a Ε  |b 103895 
922 |a 3ΕΛΗ  |b 200712  |c ΕΠΕΑΕΚ2/ΤΜΗΜΑ ΜΑΘΗΜΑΤΙΚΩΝ  |d ΕΛΕΥΘΕΡΟΥΔΑΚΗΣ 
970 |a ΚΑΓΙΑΒΑ  |b ΕΙΡΗΝΗ  |z 2003/07/22